01669cam a2200301 p 45000010005000000030008000050050017000130080039000300200037000690350018001060400032001240410013001560820027001691110093001962450310002892600060005993000035006595000037006945040053007316500044007847000042008287100071008709420012009419990015009539520133009689520133011019520133012347036BD-RjUL20211208234345.014 t1976 n a b 101 0 eng a0444110259 (American Elsevier) : a(BD-RjUL)7078 aDLCcDLCdDLCdBD-RjULbeng0 aengbfre00a658.4034216bOPE 19762 aInternational Conference on Operational Research,b7th,cTokyo and Kyoto,d1975.915346410aOperational research '75 :bproceedings of the seventh IFORS International Conference on Operational Research, Tokyo, Kyoto, Japan, July 17-23, 1975 = Actes de la septième IFORS Conférence internationale de recherche opérationnelle, Tokyo, Kyoto, Japon, 17-23 juillet, 1975 /cedited by K. B. Haley. aAmsterdam ;aNew York :bNorth-Holland Pub. Co.,c1976. axiii, 698 p. :bill. ;c23 cm. aSummaries in English and French. aIncludes bibliographical references and indexes. 0aOperations researchxCongresses.9220381 aHaley, K. Brianq(Keith Brian)9220392 aInternational Federation of Operational Research Societies.922040 2ddccBK c7036d7036 00102ddc40708NFICaRUCLbRUCLcstackd1974-04-07eNetherlandl0o658.4034 OPE 1976r2014-01-13 00:00:00tC-2w2014-01-13yBK 00102ddc40708NFICaRUCLbRUCLcstackd1980-10-03eNetherlandl0o658.4034 OPE 1976r2014-01-13 00:00:00tC-3w2014-01-13yBK 00102ddc40708NFICaRUCLbRUCLcStackd1979-04-07eNetherlandl0o658.4034 OPE 1976r2016-08-30 00:00:00tC-4w2016-08-30yBK